<?xml version="1.0" encoding="UTF-8"?><?xml-stylesheet type="text/xsl" href="static/style.xsl"?><OAI-PMH xmlns="http://www.openarchives.org/OAI/2.0/" xmlns:xsi="http://www.w3.org/2001/XMLSchema-instance" xsi:schemaLocation="http://www.openarchives.org/OAI/2.0/ http://www.openarchives.org/OAI/2.0/OAI-PMH.xsd"><responseDate>2026-04-27T19:56:52Z</responseDate><request verb="GetRecord" identifier="oai:uvadoc.uva.es:10324/43948" metadataPrefix="marc">https://uvadoc.uva.es/oai/request</request><GetRecord><record><header><identifier>oai:uvadoc.uva.es:10324/43948</identifier><datestamp>2021-06-30T03:59:13Z</datestamp><setSpec>com_10324_38</setSpec><setSpec>col_10324_852</setSpec></header><metadata><record xmlns="http://www.loc.gov/MARC21/slim" xmlns:doc="http://www.lyncode.com/xoai" xmlns:xsi="http://www.w3.org/2001/XMLSchema-instance" xmlns:dcterms="http://purl.org/dc/terms/" xsi:schemaLocation="http://www.loc.gov/MARC21/slim http://www.loc.gov/standards/marcxml/schema/MARC21slim.xsd">
<leader>00925njm 22002777a 4500</leader>
<datafield tag="042" ind1=" " ind2=" ">
<subfield code="a">dc</subfield>
</datafield>
<datafield tag="720" ind1=" " ind2=" ">
<subfield code="a">Montalvo García, David</subfield>
<subfield code="e">author</subfield>
</datafield>
<datafield tag="260" ind1=" " ind2=" ">
<subfield code="c">2020</subfield>
</datafield>
<datafield tag="520" ind1=" " ind2=" ">
<subfield code="a">La primera parte del trabajo describe la noción de tensor, prestando especial atención al&#xd;
enfoque libre de coordenadas, sin dejar no obstante de lado su tratamiento clásico como datos&#xd;
de mediciones con respecto de un sistema de referencia (enfoque con coordenadas). Se incluye&#xd;
además un estudio detallado de los campos tensoriales, como extensión del concepto de tensor,&#xd;
tratando en especial los tensores y campos tensoriales métricos dada la importancia de los resultados&#xd;
que derivan de ellos. La segunda parte aborda el concepto de dato tensorial, desde el&#xd;
punto de vista de la generalización n-dimensional de las nociones de escalar, vector y matriz. A&#xd;
partir de esta generalización del enfoque con coordenadas, se tratarán sus operaciones prácticas&#xd;
actuales, junto con las descomposiciones tensoriales más relevantes en la actualidad. Estas descomposiciones se utilizan para generar algoritmos aplicables en numerosas áreas actuales, como&#xd;
en el estudio de señales, visión computacional, neurociencia, teoría de grafos, minería de datos&#xd;
y aprendizaje automático, entre otros. El trabajo trata de unificar y contrastar la terminología&#xd;
clásica y la práctica actual.</subfield>
</datafield>
<datafield tag="024" ind2=" " ind1="8">
<subfield code="a">http://uvadoc.uva.es/handle/10324/43948</subfield>
</datafield>
<datafield tag="245" ind1="0" ind2="0">
<subfield code="a">Tensores y datos tensoriales</subfield>
</datafield>
</record></metadata></record></GetRecord></OAI-PMH>